Religion Quiz

Random Religion or Bible Quiz

Are They in the Bible? Quiz Stats

 Plays Quiz Updated Feb 14, 2020

Support Sporcle.
Go Orange.
Score 0/50 Timer 06:00
2 Plays Today
% Correct
Adam
92.2%
Aaron
89.8%
Cain
86.1%
Jonah
85.7%
Elijah
85.6%
Job
85.1%
Gabriel
84.9%
Esther
84.6%
Joshua
84.5%
Delilah
83.1%
Lazarus
82.7%
Bathsheba
82.3%
Benjamin
82.3%
Herod
82.2%
Solomon
82%
Jezebel
80.8%
Levi
80.7%
Lot
80.1%
Pontius Pilate
79.5%
Deborah
78.6%
Immanuel
75.9%
Luke
74.8%
Belshazzar
74.4%
Nebuchadnezzar
74.4%
Michael
74.2%
% Correct
Pharaoh
73.4%
Ham
72.5%
Methuselah
72.2%
Baal
71.3%
Martha
70.3%
Zacchaeus
69.8%
Stephen
69.8%
Hagar
66.4%
Nicodemus
66%
Titus
65.7%
Silas
65%
Cyrus
63.3%
Ahab
63.2%
Darius
61.8%
Melchizedek
60.9%
Queen of Sheba
60.3%
Augustus
58.8%
Asherah
58.5%
Cornelius
50.8%
Tiberius
50.2%
Ahasuerus
44.4%
Sennacherib
38%
Sapphira
37.6%
Felix
31.8%
Apollos
31.6%

From the Vault

Movies by Color Barcode

by arcer

Movies 3m
Price check on theater 2.
Remove Ads.
Support Sporcle.
Get the best of Sporcle when you Go Orange. This ad-free experience offers more features, more stats, and more fun while also helping to support Sporcle. Thank you for becoming a member.

Show Comments

Extras

Top Quizzes Today


Score Distribution

Your Account Isn't Verified!

In order to create a playlist on Sporcle, you need to verify the email address you used during registration. Go to your Sporcle Settings to finish the process.

Report this User

Report this user for behavior that violates our Community Guidelines.

Details: